000 00267nam a2200097Ia 4500
082 _aETF COOK
245 0 _aWhat would Emma do?
100 _a Cook, Eileen New York, 2009 1st Simon Pulse ed
_976475
942 _cBK
008 210817s9999 xx 000 0 und d
999 _c254688
_d254687